000 00622nam a2200181 i 4500
001 89630
003 ES-MaACL
005 20230906180233.0
007 t|
008 050111s1951 cu ||||1| spa d
100 1 _aLavié Vera, Nemesio.
_970716
245 1 3 _aLa personalidad de Rafael María Merchán /
_ctrabajo leído por Nemesio Lavié Vera ... Marzo de 1951.
260 _aLa Habana :
_b[s.n.],
_c1951 (
_fImp. El Siglo XX)
300 _a54 p. ;
_c24 cm.
500 _aPrecede al tít.: Academia de la Historia de Cuba.
710 2 _aAcademia de la Historia de Cuba.
_91183
852 _aES-MaACL
_j1929-F-2
_bR.31043
999 _c89630
_d89630